00678nam a2200205Ia 4500008004100000020001600041040001900057041001200076082002800088100001700116245007500133250002600208260003400234300004700268504005000315650001500365651004900380700002200429850002100451131103s9999 xx 000 0 und d a007010810 2 aLoreto College aEnglish a551.48/CHObLCLIB/42020 aChow, Ven Te aApplied hydrologycby Ven Te Chow, David R. Maidment and Larry W. Mays aInternational edition aNew YorkbMcGraw - Hillc1988 axiii, 572 p.b ill., fig., tablesc 21 cm. aIncludes bibliographical references and index aGeology -  aGeomorphology and hydrosphere - Hydrology -  aMaidment David R. aLCLIB/551.48/CHO